00716nam a22002057a 450000500170000000800400001702000150005705000210007224500800009325000110017326000850018430000200026965000180028965000320030765000360033965100360037570000310041170000300044270000380047220210727101211.0210727b sg ||||| |||| 00| 0 fr d a929091083604aKQC896bD54 200403aLa diffamation dans les medias en afriquec/ Charles Tchoungang,...[et al.] a1a ed. aDakar :bUnited Nations Educational, Scientific and Cultural Organization,c1990 a95 p. ;c24 cm. 72lembaOfensas 72lembaDifamación zAfrica 72lembaMedios de comunicación  72lembaJapónxEconomíay19461 aTchoungang, Charleseautor1 a O.Odhiambo, Lewiseautor1 aTiéoulé Diarra, Amadoueautor